000
00319nam a2200133Ia 4500
100
_a
Bensinger Charles
650
_a
Electrical Engineering
942
_c
BK
654
_a
Home Video
245
_a
Home Video Hand Book .The
260
_b
Video -Info Publication
_a
California
_c
1981
300
_a
302
546
_a
ENGLISH
999
_c
28287
_d
28287